|
|
|
|
| LEADER |
01312nam a22003734a 4500 |
| 001 |
EBC335754 |
| 003 |
MiAaPQ |
| 005 |
20200520144314.0 |
| 006 |
m o d | |
| 007 |
cr cn||||||||| |
| 008 |
070824s2008 nju s 001 0 eng |
| 010 |
|
|
|z 2007035348
|
| 015 |
|
|
|a GBA804246
|2 bnb
|
| 016 |
7 |
|
|z 014487468
|2 Uk
|
| 020 |
|
|
|z 9780470224557 (cloth)
|
| 035 |
|
|
|a (MiAaPQ)EBC335754
|
| 035 |
|
|
|a (Au-PeEL)EBL335754
|
| 035 |
|
|
|a (CaPaEBR)ebr10296405
|
| 035 |
|
|
|a (CaONFJC)MIL128489
|
| 035 |
|
|
|a (OCoLC)608623892
|
| 040 |
|
|
|a MiAaPQ
|c MiAaPQ
|d MiAaPQ
|
| 050 |
|
4 |
|a HF5438.25
|b .K598 2008
|
| 082 |
0 |
4 |
|a 658.8/1
|2 22
|
| 100 |
1 |
|
|a Klymshyn, John.
|
| 245 |
1 |
0 |
|a How to sell without being a jerk!
|h [electronic resource] :
|b the foolproof approach to the world's second oldest profession /
|c John Klymshyn.
|
| 260 |
|
|
|a Hoboken, N.J. :
|b John Wiley & Sons,
|c c2008.
|
| 300 |
|
|
|a xx, 204 p.
|
| 500 |
|
|
|a Includes index.
|
| 533 |
|
|
|a Electronic reproduction. Ann Arbor, MI : ProQuest, 2015. Available via World Wide Web. Access may be limited to ProQuest affiliated libraries.
|
| 650 |
|
0 |
|a Selling.
|
| 650 |
|
0 |
|a Sales management.
|
| 655 |
|
4 |
|a Electronic books.
|
| 710 |
2 |
|
|a ProQuest (Firm)
|
| 856 |
4 |
0 |
|u https://ebookcentral.proquest.com/lib/matrademy/detail.action?docID=335754
|z Click to View
|